Every MLB Team's Closer of 2026 - Statistics

General Stats
  • This quiz has been taken 67 times
  • The average score is 7 of 30
Answer Stats
Team Player % Correct
BOS Aroldis Chapman
94%
NYM Devin Williams
57%
NYY David Bednar
45%
SD Mason Miller
38%
LAD Edwin Diaz
36%
TOR Jeff Hoffman
36%
ATL Raisel Iglesias
36%
BAL Ryan Helsley
36%
CLE Cade Smith
34%
DET Kenley Jansen
30%
HOU Bryan Abreu
26%
KC Carlos Estevez
23%
CIN Emilio Pagan
23%
PHI Jhoan Duran
23%
MIA Pete Fairbanks
23%
CHW Seranthony Dominguez
21%
MIL Abner Uribe
17%
CHC Daniel Palencia
17%
PIT Dennis Santana
17%
TB Griffin Jax
17%
LAA Jordan Romano
15%
STL Riley O'Brien
11%
ARI Paul Sewald
9%
SF Ryan Walker
9%
COL Victor Vodnik
9%
WAS Clayton Beeter
6%
MIN Taylor Rogers
6%
SEA Andres Muños
4%
ATH Hogan Harris
4%
TEX Robert Garcia
2%
No matching quizzes found
Score Distribution
Percent of People with Each Score
Percentile by Number Answered
Your Score History
You have not taken this quiz